LDR 00759nam a2200181 i 4500 001 000000110871 003 CaOOAMICUS 005 20170731000000.0 008 170731s1829 it u000 u ita u 013 $a83552 026 $ar-ne zaa- i.va gepr (3) 1829 (A) 040 $aSeMil$bita 245 10$aVol. 1. 300 $aXXVII, [1], 629, [3] p. 773 0 $aFleming, John <1785-1857>$tFilosofia zoologica, ossia Prospetto generale della struttura funzioni, e classificazioni degli animali. Del dottore Giovanni Fleming ... Traduzione dall'inglese.$dPavia : Nella Stamperia Fusi e C., 1829.$g1$w()5334 850 $aSeMil 852 $aSeMil$W1$xVenegono$y1$m3XC III 10 FA$j66728$B66728$CSeMilBibl$Z2$F73469 $8I 996 $6245$aVol. 1$9(OLS)http://semarc/title/13429